Report of chief of Bureau of Safety covering investigation of accident which occurred on Long Island Railroad near Central Islip, N.Y., on Apr. 15, 1918.

Bibliographic Details
Corporate Author: Long Island Rail Road
Format: Government Document eBook
Language:English
Published: Washington : U.S. GPO, 1918.
Subjects:
Online Access:Connect to the full text of this electronic document

MARC

Tag First Indicator Second Indicator Subfields
LEADER 00000cam a22000001a 4500
001 in00003802039
005 20190408183727.0
006 m o d f
007 cr bn mmmapmmp
008 040322s1918 dcu o f000 0 eng d
035 |a ebd1910407422 
040 |a UMI  |c UMI  |d UtOrBLW 
086 0 |a IC 1acci.5:C 33 
099 |a IC1.57-5.25 
245 0 0 |a Report of chief of Bureau of Safety covering investigation of accident which occurred on Long Island Railroad near Central Islip, N.Y., on Apr. 15, 1918. 
264 1 |a Washington :  |b U.S. GPO,  |c 1918. 
300 |a 1 online resource (45 pages) 
336 |a text  |b txt  |2 rdacontent 
337 |a computer  |b c  |2 rdamedia 
338 |a online resource  |b cr  |2 rdacarrier 
500 |a Record is based on bibliographic data in ProQuest U.S. Executive Branch Documents, 1910-1932. Reuse except for individual research requires license from ProQuest, LLC. 
533 |a Electronic reproduction.  |b [Bethesda, Md.] :  |c ProQuest,  |d 2012.  |e digital, PDF file.  |n ProQuest U.S. Executive Branch Documents, 1910-1932.  |n Mode of access: World Wide Web via ProQuest website. 
538 |a System requirements: PDF reader software. 
500 |a Electronic resource. 
650 0 |a Railroad accidents.  |0 http://id.loc.gov/authorities/subjects/sh85110906 
651 0 |a Islip (N.Y.)  |0 http://id.loc.gov/authorities/names/n80001515 
655 7 |a Electronic books.  |2 local 
710 2 |a Long Island Rail Road.  |0 http://id.loc.gov/authorities/names/n82052559 
776 1 8 |i Microfiche version:  |t Report of chief of Bureau of Safety covering investigation of accident which occurred on Long Island Railroad near Central Islip, N.Y., on Apr. 15, 1918  |o CIS US Exec MF IC1.57-5.25  |w (ProQuest)cis19144134 
856 4 0 |u http://proxy.library.tamu.edu/login?url=http://congressional.proquest.com/congressional/docview/t66.d71.ic1.57-5.25  |z Connect to the full text of this electronic document  |t 0 
999 f f |s 8f4ce912-eecd-3ddf-8717-48348cfc3bec  |i 5030621c-01bc-31b7-9e8e-6cba1c378ff0  |t 0 
952 f f |a Texas A&M University  |b College Station  |c Electronic Resources  |d Available Online  |t 0  |h No information provided 
998 f f |t 0  |l Available Online